Online Catalogue and eLibrary

Ancient political experiences : (Record no. 445)

MARC details
000 -LEADER
fixed length control field 00408nam a22001577a 4500
005 - DATE AND TIME OF LATEST TRANSACTION
control field 20240220073539.0
008 - FIXED-LENGTH DATA ELEMENTS--GENERAL INFORMATION
fixed length control field 240220b |||||||| |||| 00| 0 eng d
082 ## - DDC Classification
DDC Edition Number 22
Class No. 320.9.
Item Number - Author Mark ANC.
100 ## - MAIN ENTRY--PERSONAL NAME
Personal name Mukerji, Prasanna Krishna.
245 ## - TITLE STATEMENT
Title Ancient political experiences :
250 ## - EDITION STATEMENT
Edition statement 1st
260 ## - PUBLICATION, DISTRIBUTION, ETC.
Place of publication, distribution, etc. Colombo :
Name of publisher, distributor, etc. M.D.GAUNASENA & Co., Ltd /
Date of publication, distribution, etc. 1961
300 ## - PHYSICAL DESCRIPTION
Extent (e.g. Volumes, Pages etc.) vi, 331.,
650 ## - SUBJECT ADDED ENTRY--TOPICAL TERM
Topical term or geographic name entry element political.
942 ## - Koha item type (Biblio)
Koha item type Books in Stacks (Lending)
Holdings
Lost status Damaged status Collection code Home library Current library Date acquired Full call number Accession Number Item type
    Lending WERC Library WERC Library 02/20/2024 320.9. ANC. 3196 Books in Stacks (Lending)

© WERC Library